Comuni del Veneto con la S - Statistics

Statistiche generali
  • Questo quiz è stato fatto 72 volte
  • Il punteggio medio è 33 su 82
Statistiche sulle risposte
Comune % Corretto
San Donà di Piave
83%
San Stino di Livenza
75%
Sommacampagna
75%
San Michele al Tagliamento
71%
Scorzè
71%
San Biagio di Callalta
67%
San Bonifacio
67%
San Vendemiano
67%
Soave
67%
Spresiano
67%
San Giovanni Lupatoto
63%
San Pietro di Cadore
63%
San Zenone degli Ezzelini
63%
Schio
63%
Selvazzano Dentro
63%
Spinea
63%
Susegana
63%
San Fior
58%
San Tomaso Agordino
58%
Santo Stefano di Cadore
58%
Silea
58%
Stra
58%
Salgareda
54%
Santa Lucia di Piave
54%
Sospirolo
54%
Soverzene
54%
Santa Giustina
50%
Seren del Grappa
50%
Sovramonte
50%
San Nicolò di Comelico
46%
San Polo di Piave
46%
San Zeno di Montagna
46%
Saonara
46%
Sedico
46%
Selva di Cadore
46%
San Martino di Lupari
42%
San Vito di Cadore
42%
Segusino
42%
Salzano
38%
Sandrigo
33%
San Giorgio in Bosco
33%
San Gregorio nelle Alpi
33%
Santa Maria di Sala
33%
Sona
33%
Salcedo
29%
San Giorgio delle Pertiche
29%
San Giovanni Ilarione
29%
San Pietro di Morubio
29%
San Pietro in Gu
29%
San Pietro Viminario
29%
Sant'Angelo di Piove di Sacco
29%
Sarcedo
29%
Sernaglia della Battaglia
29%
Saccolongo
25%
Salizzole
25%
San Martino Buon Albergo
25%
San Pietro di Feletto
25%
Sarmede
25%
Solagna
25%
Solesino
25%
Sovizzo
25%
Stienta
25%
Salara
21%
Sanguinetto
21%
San Martino di Venezze
21%
San Pietro in Cariano
21%
San Pietro Mussolino
21%
Sant'Ambrogio di Valpolicella
21%
Sant'Elena
21%
Sant'Urbano
21%
San Vito di Leguzzano
21%
Sossano
21%
Stanghella
21%
San Bellino
17%
San Mauro di Saline
17%
Sant'Anna d'Alfaedo
17%
Sarego
17%
Schiavon
17%
Sorgà
17%
Santa Giustina in Colle
13%
Santorso
13%
Selva di Progno
13%
Nessun quiz corrispondente trovato
Distribuzione punteggi
Percentuale di utenti per punteggio
Percentile per numero di risposta
I tuoi punteggi nel tempo
Non hai fatto questo quiz